An investigation into common mistakes in Academic writing due to cultural differences /
Sparad:
| Huvudupphovsman: | |
|---|---|
| Materialtyp: | Okänd |
| Språk: | English |
| Publicerad: |
2007.
|
| Ämnen: | |
| Taggar: |
Lägg till en tagg
Inga taggar, Lägg till första taggen!
|
| Thư viện lưu trữ: | Mạng thư viện Đại học Đà Nẵng |
|---|
| LEADER | 01141na a2200325 4500 | ||
|---|---|---|---|
| 001 | 000031175 | ||
| 003 | 5695 | ||
| 005 | 20230223104130.0 | ||
| 008 | 151001s2007 000 eng | ||
| 040 | |a LNN | ||
| 041 | |a eng | ||
| 082 | |a 420.3 |b NG-Đ | ||
| 100 | |a Ngô Đồng | ||
| 245 | 3 | |a An investigation into common mistakes in Academic writing due to cultural differences / |c Ngô Đồng. | |
| 260 | |c 2007. | ||
| 300 | |a 45tr. : mh ; 30cm. | ||
| 650 | |a An investigation into common mistakes in Academic writing due to cultural differences | ||
| 852 | |c Luận văn sinh viên | ||
| OWN | |a LNN | ||
| AVA | |a UDN50 |b LNN |c English |d 420.3 NG-Đ |e available |t Error 5001 Not defined in file expand_doc_bib_avail. |f 1 |g 0 |h N |i 0 |j AN |k 1 | ||
| 999 | |a From the UDN01 | ||
| AVA | |a UDN50 |b LNN |c English |d 420.3 NG-Đ |e available |t Error 5001 Not defined in file expand_doc_bib_avail. |f 1 |g 0 |h N |i 0 |j AN |k 1 | ||
| TYP | |a Printed language | ||
| 980 | |a Mạng thư viện Đại học Đà Nẵng | ||